000 00380pab a2200169 454500
008 180718b2012 xxu||||| |||| 00| 0 eng d
100 _aAmbrish Kumar
245 _aTowards a healthier India
260 _c2012
300 _ap.34-38.
362 _aAug
650 _aHealth services - India
650 _aHealth services
773 _aYojana
908 _aN
909 _a97416
999 _c97416
_d97416